Purple Foods by Picture - Statistics

General Stats
  • This quiz has been taken 171 times
  • The average score is 7 of 12
Answer Stats
Picture Hint Answer % Correct
Grape
94%
Eggplant
89%
Blueberries
82%
Plum
78%
Raisins
75%
Blackberries
73%
Fig
72%
Be Specific Purple Cabbage
41%
Black Currants
23%
Elderberries
14%
Mulberries
8%
Acai Berries
4%
No matching quizzes found
Score Distribution
Percent of People with Each Score
Percentile by Number Answered
Your Score History
You have not taken this quiz